[Event "POL-chT 2nd League"]
[Site "Jastrzebia Gora"]
[Date "2023.09.03"]
[Round "2.5"]
[White "Madera, Mateusz"]
[Black "Rzeszowski, Dominik"]
[Result "1/2-1/2"]
[WhiteElo "1880"]
[BlackElo "1940"]
[PlyCount "32"]
[EventDate "2023.09.02"]
[EventType "team-swiss"]
[EventRounds "9"]
[EventCountry "POL"]
[SourceTitle "EXT 2024"]
[Source "ChessBase"]
[SourceDate "2023.10.10"]
[SourceVersion "1"]
[SourceVersionDate "2023.10.10"]
[SourceQuality "1"]
[WhiteTeam "Legnica Miedz"]
[BlackTeam "Bialoleka Sparta"]
[WhiteTeamCountry "POL"]
[BlackTeamCountry "POL"]

1. e4 e5 2. Nf3 Nc6 3. Bc4 Bc5 4. 0-0 Nf6 5. d3 d6 6. c3 Bb6 7. Re1 0-0 8. Nbd2 Ne7 9. Nf1 Ng6 10. Ng3 c6 11. Bb3 h6 12. h3 Re8 13. d4 d5 14. dxe5 Nxe5 15. Nxe5 Rxe5 16. Bf4 Re8 1/2-1/2

[Event "Portoroz op 14th"]
[Site "Portoroz"]
[Date "2023.07.16"]
[Round "2"]
[White "Smieszek, Wojciech"]
[Black "Rzeszowski, Dominik"]
[Result "1/2-1/2"]
[WhiteElo "2078"]
[BlackElo "1882"]
[PlyCount "60"]
[EventDate "2023.07.15"]
[EventType "swiss"]
[EventRounds "9"]
[EventCountry "SLO"]
[SourceTitle "CBM 215 Extra"]
[Source "ChessBase"]
[SourceDate "2023.09.30"]
[SourceVersion "1"]
[SourceVersionDate "2023.09.30"]
[SourceQuality "1"]

1. e4 e6 2. d4 d5 3. exd5 exd5 4. Nf3 Nf6 5. c3 Bd6 6. Bd3 0-0 7. 0-0 Bg4 8. Bg5 Nbd7 9. Nbd2 Re8 10. Qc2 c6 11. Bxf6 Nxf6 12. Rfe1 Qc7 13. Bf5 Bxf5 14. Qxf5 Qd7 15. Qxd7 Nxd7 16. Rxe8+ Rxe8 17. Re1 Rxe1+ 18. Nxe1 f6 19. Nd3 Kf7 20. f3 Nf8 21. Kf2 Ne6 22. h3 Nf4 23. Nxf4 Bxf4 24. Ke2 Bxd2 25. Kxd2 Ke6 26. Ke3 g5 27. g4 h6 28. Kd3 Kd6 29. b4 b5 30. a3 a6 1/2-1/2

[Event "FIDE World Uni Rapid-E 1st"]
[Site "Tornelo INT"]
[Date "2021.03.20"]
[Round "1"]
[White "De Briey, Aurian"]
[Black "Rzeszowski, Dominik"]
[Result "0-1"]
[WhiteElo "1690"]
[BlackElo "1869"]
[PlyCount "70"]
[EventDate "2021.03.20"]
[EventType "swiss (rapid)"]
[EventRounds "12"]
[EventCountry "NET"]
[SourceTitle "EXT 2022"]
[Source "ChessBase"]
[SourceDate "2021.10.06"]
[SourceVersion "1"]
[SourceVersionDate "2021.10.06"]
[SourceQuality "1"]

1. d4 Nf6 2. c4 c5 3. d5 b5 4. Nd2 d6 5. e4 g6 6. cxb5 a6 7. bxa6 Bxa6 8. Bxa6 Nxa6 9. Ngf3 Bg7 10. 0-0 0-0 11. Rb1 Qb6 12. Re1 Rfb8 13. Nc4 Qb5 14. Qe2 Nd7 15. a3 Nb6 16. Nxb6 Qxb6 17. e5 Nc7 18. Rd1 Rxa3 19. bxa3 Qxb1 20. Bh6 Qb2 21. Qxb2 Rxb2 22. Bxg7 Kxg7 23. h3 Ra2 24. Rd3 dxe5 25. Nxe5 Nb5 26. Nc4 Rc2 27. Ne5 Rc1+ 28. Kh2 c4 29. Rf3 f6 30. Nc6 c3 31. Nxe7 c2 32. a4 Rd1 33. d6 c1Q 34. Nc8 Rh1+ 35. Kg3 Qg5# 0-1

[Event "POL-ch Academic"]
[Site "Katowice"]
[Date "2020.11.13"]
[Round "3"]
[White "Kaczmarek, Aleksander"]
[Black "Rzeszowski, Dominik"]
[Result "1-0"]
[WhiteElo "2371"]
[BlackElo "1877"]
[PlyCount "99"]
[EventDate "2020.11.13"]
[EventType "swiss (rapid)"]
[EventRounds "9"]
[EventCountry "POL"]
[SourceTitle "CBM 199 Extra"]
[Source "ChessBase"]
[SourceDate "2021.01.31"]
[SourceVersion "1"]
[SourceVersionDate "2021.01.31"]
[SourceQuality "1"]

1. e4 e5 2. Nf3 Nc6 3. d4 exd4 4. Bc4 Bc5 5. 0-0 d6 6. c3 d3 7. b4 Bb6 8. Qb3 Qf6 9. Nbd2 Nge7 10. Bb2 Ne5 11. Nxe5 dxe5 12. Bxd3 Bh3 13. gxh3 Qg5+ 14. Kh1 Qxd2 15. c4 Bd4 16. Bxd4 exd4 17. f4 Nc6 18. a3 a5 19. b5 a4 20. Qd1 Qxd1 21. Raxd1 Na5 22. Rf3 0-0-0 23. Rb1 Nb3 24. Rf2 Nc5 25. Rd2 b6 26. Kg2 Rhe8 27. Kf3 f6 28. h4 Re7 29. Re1 Nb3 30. Rdd1 Nc5 31. Rg1 g6 32. h5 Rg8 33. hxg6 hxg6 34. h4 Reg7 35. Bc2 g5 36. hxg5 fxg5 37. f5 g4+ 38. Kf4 Nd7 39. Rxd4 Nf6 40. Rd2 Nh5+ 41. Ke3 g3 42. Rgg2 Nf6 43. e5 Ng4+ 44. Kf4 Nf2 45. f6 Rg4+ 46. Kf3 R4g5 47. e6 Nh3 48. f7 Rf8 49. Rxg3 Ng1+ 50. Kg2 1-0

[Event "POL-chT U20 2nd League"]
[Site "Szczyrk"]
[Date "2017.07.26"]
[Round "7.55"]
[White "Rzeszowski, Dominik"]
[Black "Pawletko, Szymon"]
[Result "0-1"]
[WhiteElo "1932"]
[BlackElo "1836"]
[PlyCount "116"]
[EventDate "2017.07.22"]
[EventType "team-swiss"]
[EventRounds "11"]
[EventCountry "POL"]
[SourceTitle "EXT 2019"]
[Source "ChessBase"]
[SourceDate "2018.10.10"]
[SourceVersion "1"]
[SourceVersionDate "2018.10.10"]
[SourceQuality "1"]

1. e4 c5 2. Nc3 g6 3. f4 Bg7 4. Nf3 Nc6 5. d3 e6 6. g3 Nge7 7. Bg2 0-0 8. 0-0 d5 9. e5 a6 10. Ne2 b5 11. d4 cxd4 12. Nexd4 Bb7 13. Be3 Rc8 14. c3 Na5 15. Qe2 Nc4 16. Bf2 Qc7 17. g4 Nc6 18. Bg3 Rfe8 19. Rae1 b4 20. Nxc6 Bxc6 21. f5 bxc3 22. bxc3 Bb5 23. Nd4 Na3 24. Nxb5 Nxb5 25. a4 Nxc3 26. Qxa6 Qc4 27. Qb7 Rc7 28. Qb6 Nxa4 29. Qa5 Qc5+ 30. Qxc5 Nxc5 31. fxg6 hxg6 32. Bxd5 exd5 33. e6 Nxe6 34. Bxc7 Nxc7 35. Rxe8+ Nxe8 36. Kf2 Bf6 37. Ke2 Kg7 38. Kd3 Nc7 39. Rb1 Ne6 40. Rb5 g5 41. Ke3 d4+ 42. Ke4 Kg6 43. Rd5 Nc7 44. Rc5 Ne6 45. Rd5 Bd8 46. Rf5 Bc7 47. h3 Nf4 48. Kxd4 Nxh3 49. Ke3 Nf4 50. Kf3 f6 51. Rc5 Be5 52. Ke4 Ne6 53. Rb5 Nc7 54. Rb6 Ne8 55. Kd5 Nd6 56. Ke6 Nf7 57. Rb1 Nh6 58. Rg1 Bf4 0-1

[Event "Katowice POL-HUN 5th"]
[Site "Katowice"]
[Date "2017.05.20"]
[Round "2"]
[White "Tworzydlo, Piotr"]
[Black "Rzeszowski, Dominik"]
[Result "0-1"]
[WhiteElo "2165"]
[BlackElo "1932"]
[PlyCount "103"]
[EventDate "2017.05.20"]
[EventType "swiss (rapid)"]
[EventRounds "9"]
[EventCountry "POL"]
[SourceTitle "CBM 178 Extra"]
[Source "ChessBase"]
[SourceDate "2017.06.22"]
[SourceVersion "1"]
[SourceVersionDate "2017.06.22"]
[SourceQuality "1"]

1. e4 e5 2. Nf3 Nc6 3. Bb5 f5 4. d4 fxe4 5. Nxe5 Nxe5 6. dxe5 c6 7. Bc4 Qa5+ 8. Nc3 Qxe5 9. Bxg8 Rxg8 10. 0-0 d5 11. Be3 Bd6 12. g3 Bh3 13. Bf4 Qe6 14. Bxd6 Bxf1 15. Kxf1 Qxd6 16. Nxe4 Qe7 17. Qg4 dxe4 18. Re1 Kd8 19. Rxe4 Qf7 20. Rf4 Qe7 21. Rd4+ Kc7 22. Qf4+ Kb6 23. Rb4+ Ka5 24. Ra4+ Kb5 25. Qc4+ Kb6 26. Rb4+ Kc7 27. Qf4+ Qd6 28. Rxb7+ Kxb7 29. Qxd6 Rad8 30. Qb4+ Kc7 31. Qa5+ Kb7 32. Qb4+ Kc7 33. Qf4+ Kb7 34. Qf7+ Kb6 35. Qb3+ Kc7 36. Qf7+ Kb6 37. a4 a5 38. c3 Rdf8 39. Qc4 Rb8 40. b4 axb4 41. cxb4 Rgd8 42. Qc5+ Kc7 43. b5 Rd6 44. Qa7+ Rb7 45. b6+ Kc8 46. Qa6 Kb8 47. a5 Rd1+ 48. Kg2 Rd5 49. Qc4 Ka8 50. Qa6+ Kb8 51. Qe2 Rbd7 52. a6 0-1

[Event "POL-chT U19 2nd League"]
[Site "Iwonicz"]
[Date "2015.08.01"]
[Round "2.62"]
[White "Flach, Rajmund"]
[Black "Rzeszowski, Dominik"]
[Result "1/2-1/2"]
[WhiteElo "1482"]
[BlackElo "1746"]
[PlyCount "101"]
[EventDate "2015.07.25"]
[EventType "team-swiss"]
[EventRounds "11"]
[EventCountry "POL"]
[SourceTitle "EXT 2019"]
[Source "ChessBase"]
[SourceDate "2018.10.10"]
[SourceVersion "1"]
[SourceVersionDate "2018.10.10"]
[SourceQuality "1"]
[WhiteTeam "Krakow KKSz 1893 U19 II"]
[BlackTeam "Warszawa UKS Czternastka U19"]
[WhiteTeamCountry "POL"]
[BlackTeamCountry "POL"]

1. e4 e5 2. Nf3 Nc6 3. Bc4 Nf6 4. d3 d5 5. exd5 Nxd5 6. Nc3 Nxc3 7. bxc3 Bc5 8. 0-0 0-0 9. Re1 Bg4 10. h3 Bh5 11. Be3 Be7 12. Rb1 Rb8 13. Qe2 Kh8 14. Bd2 f5 15. Rbd1 Qe8 16. Bb5 Bd6 17. Bxc6 bxc6 18. Qe3 Qg6 19. Rb1 f4 20. Qe2 Qe6 21. Rb3 Rb6 22. Qe4 Bxf3 23. Qxf3 Qd5 24. Qe4 Ra6 25. a3 Rb6 26. Qxd5 cxd5 27. Rxb6 axb6 28. a4 Ra8 29. Ra1 g5 30. Kf1 h5 31. Ke2 Kg7 32. f3 Kf6 33. c4 dxc4 34. dxc4 Kf5 35. a5 g4 36. Be1 gxh3 37. gxh3 e4 38. Bc3 Bc5 39. axb6 Rxa1 40. Bxa1 cxb6 41. Bc3 Bd6 42. Bd4 Bc5 43. Bc3 Bd6 44. Bd4 Bc5 45. Bc3 exf3+ 46. Kxf3 Be3 47. Bb4 Ke5 48. Bc3+ Kd6 49. Bb4+ Ke6 50. Bc3 Kf5 51. Bb4 1/2-1/2